000 nam a22 4500
999 _c9335
_d9335
008 180508b ||||| |||| 00| 0 eng d
020 _a0-395-55425-x
082 _21991
_aDC 808.042
_bM85
100 _927769
_aMoseley, Ann
245 _aInteractions :
_ba thematic reader /
_cAnn Moseley, Jeanette Harris.
260 _aBoston :
_bHoughton Mifflin Co.,
_cc1991.
300 _axvii, 543 pages;
_c24 cm.
500 _aIncludes index.
650 0 _927770
_aCollege readers
650 0 _927771
_aEnglish language -- Rhetoric
700 _927772
_aHarris, Jeanette, 1936-
942 _2ddc
_cDC